Estudios sobre la Ley Integral contra la Violencia de Gňero

Bibliographic Details
Corporate Author: Espaą
Other Authors: Aranda, Elviro (ed.lit)
Format: Unknown
Language:Spanish
Published: Madrid : Dykinson : Instituto de Derechos Humanos "Bartolom ̌de las Casas : Fundacin̤ El Monte, 2005
Series:Cuadernos Bartolom ̌de las Casas ; 36
Subjects:
Online Access:Acceso restringido

MARC

LEADER 00000ny a22000003n 4500
005 20110623125729.0
008 060215s2005 sp s 000 0 spa c
017 |a D.L. SE.6537-2005 
020 |a 849772786X 
035 |a 1379 
040 |a SpMaUCTR  |d vlex 
040 |a UMA.RE  |d vlex 
080 |a 343.54-055.2(460) 
090 |c 1221  |d 1221 
245 0 0 |a Estudios sobre la Ley Integral contra la Violencia de Gňero  |h [Recurso electrn̤ico]  |c Elviro Aranda (director) ; Jorge Alguacil ... [et al.] 
256 |a Servicio en ln̕ea 
260 |a Madrid :  |b Dykinson :  |b Instituto de Derechos Humanos "Bartolom ̌de las Casas :  |b Fundacin̤ El Monte,  |c 2005 
300 |a 194 p. ;  |c 22 cm 
490 1 |a Cuadernos Bartolom ̌de las Casas ;  |v 36 
506 1 |a Contenido solo disponible en los productos indicados  |d vLex Global  |d vLex Global (Academic Edition, excluding Law Schools)  |d vLex Global (U.S. Academic Edition, Law Schools)  |d vLex Global (U.S. Academic Edition, excluding Law Schools)  |d vLex Global (Academic Edition, Law Schools) 
650 0 7 |a Violencia de gňero   |2 Tesauro vLex 
650 0 7 |a Seguridad social  |2 Tesauro vLex 
700 1 |a Aranda, Elviro,  |e ed.lit 
710 1 |a Espaą.  |t Ley orgǹica de medidas de proteccin̤ integral contra la violencia de gňero, 2004 
740 0 |a vLex Libros (Servicios en ln̕ea) 
856 4 0 |u http://vlex.com/source/1379  |z Acceso restringido 
942 |c BOOK